Olivia Rodrigo Acronyms - Statistics

General Stats
  • This quiz has been taken 83 times
  • The average score is 6 of 8
Answer Stats
Hint Answer % Correct
JJ jealousy, jealousy
97%
AIW All I Want
85%
GHB get him back!
84%
EFY enough for you
82%
BOAHG ballad of a homeschooled girl
79%
FC favorite crime
72%
TG the grudge
67%
SOMG scared of my guitar
61%
No matching quizzes found
Score Distribution
Percent of People with Each Score
Percentile by Number Answered
Your Score History
You have not taken this quiz